[Event "HUN-chT2 Toth 0607"]
[Site "Hungary"]
[Date "2007.05.20"]
[Round "11"]
[White "Chereches, Marius Calin"]
[Black "Baranyi, Erno"]
[Result "1-0"]
[WhiteElo "2285"]
[BlackElo "2097"]
[PlyCount "27"]
[EventDate "2006.11.12"]
[EventType "team-tourn"]
[EventRounds "11"]
[EventCountry "HUN"]
[SourceTitle "EXT 2025"]
[Source "ChessBase"]
[SourceDate "2024.10.14"]
[SourceVersion "1"]
[SourceVersionDate "2024.10.14"]
[SourceQuality "1"]
[WhiteTeam "Gy DSE"]
[BlackTeam "Vasarhelyi"]
[WhiteTeamCountry "HUN"]
[BlackTeamCountry "HUN"]

1. e4 d5 2. exd5 Qxd5 3. d4 Bf5 4. Nc3 Qd8 5. Qf3 Qc8 6. Bf4 e6 7. 0-0-0 c6 8. g4 Bg6 9. Nge2 Nf6 10. Ng3 Nd5 11. h4 Nxf4 12. Qxf4 h6 13. h5 Be7 14. hxg6 1-0

[Event "HUN-chT2 Toth 0607"]
[Site "Hungary"]
[Date "2007.05.06"]
[Round "10"]
[White "Marjanovic, Gyorgy"]
[Black "Chereches, Marius Calin"]
[Result "0-1"]
[WhiteElo "1949"]
[BlackElo "2285"]
[PlyCount "49"]
[EventDate "2006.11.12"]
[EventType "team-tourn"]
[EventRounds "11"]
[EventCountry "HUN"]
[SourceTitle "EXT 2025"]
[Source "ChessBase"]
[SourceDate "2024.10.14"]
[SourceVersion "1"]
[SourceVersionDate "2024.10.14"]
[SourceQuality "1"]
[WhiteTeam "Maroczy II"]
[BlackTeam "Gy DSE"]
[WhiteTeamCountry "HUN"]
[BlackTeamCountry "HUN"]

1. e4 c5 2. Nf3 e6 3. b3 Nc6 4. Bb5 Nge7 5. 0-0 a6 6. Bxc6 Nxc6 7. Bb2 d5 8. exd5 Qxd5 9. d4 cxd4 10. Nxd4 Bc5 11. c4 Qd6 12. Nxc6 Qxc6 13. Qg4 Bd7 14. Qxg7 0-0-0 15. Qxh8 Rxh8 16. Bxh8 e5 17. Nc3 Bd4 18. Nd5 Qd6 19. Rad1 Bg4 20. Rd2 Qh6 21. Rd3 Be2 22. Rg3 Bxf1 23. Rg8+ Kd7 24. Nf6+ Kc6 25. Nd5 0-1

[Event "HUN-chT2 Toth 0607"]
[Site "Hungary"]
[Date "2007.03.04"]
[Round "6"]
[White "Ferenczi, Csaba"]
[Black "Chereches, Marius Calin"]
[Result "0-1"]
[WhiteElo "2083"]
[BlackElo "2285"]
[PlyCount "70"]
[EventDate "2006.11.12"]
[EventType "team-tourn"]
[EventRounds "11"]
[EventCountry "HUN"]
[SourceTitle "EXT 2025"]
[Source "ChessBase"]
[SourceDate "2024.10.14"]
[SourceVersion "1"]
[SourceVersionDate "2024.10.14"]
[SourceQuality "1"]
[WhiteTeam "Baja"]
[BlackTeam "Gy DSE"]
[WhiteTeamCountry "HUN"]
[BlackTeamCountry "HUN"]

1. Nf3 d5 2. g3 c5 3. Bg2 Nc6 4. 0-0 e5 5. d3 f6 6. c3 Be6 7. e4 Qd7 8. Nbd2 0-0-0 9. Re1 Nge7 10. a4 dxe4 11. dxe4 Na5 12. Qe2 Nec6 13. h4 c4 14. Nh2 Bc5 15. Nhf1 Qd3 16. Ne3 Qxe2 17. Rxe2 Rd3 18. Kh2 Bxe3 19. Rxe3 Rxe3 20. fxe3 Rd8 21. Kg1 Rxd2 22. Bxd2 Nb3 23. Re1 Nxd2 24. Rd1 Nb3 25. Bf3 Nc5 26. g4 h6 27. Kh2 Nxa4 28. Rd2 b5 29. Kg3 a5 30. g5 hxg5 31. hxg5 Kc7 32. gxf6 gxf6 33. Bg4 Bxg4 34. Kxg4 b4 35. cxb4 axb4 0-1